Modern teaching of physics [strictly according to the UGC syllabus for B. Ed. course]
| Main Author: | |
|---|---|
| Format: | Book |
| Published: |
New Delhi :
Anmol Publications Pvt. Ltd. ,
2004
|
| Subjects: |
MARC
| LEADER | 00000cam a2200000 7i4500 | ||
|---|---|---|---|
| 001 | 0000019911 | ||
| 005 | 20080626.0 | ||
| 008 | 080620 | ||
| 020 | |a 8126119837 | ||
| 090 | 0 | 0 | |a 372.3504 |b VEE |
| 100 | 0 | |a Veer, Udai | |
| 245 | 1 | 0 | |a Modern teaching of physics [strictly according to the UGC syllabus for B. Ed. course] |c Udai Veer |
| 260 | |a New Delhi : |b Anmol Publications Pvt. Ltd. , |c 2004 | ||
| 650 | 0 | |a Physics |x Study and teaching | |
| 999 | |a 0001025564 |b Book |c REFERENCE |e Perbadanan Perpustakaan Awam Johor | ||